Tutti gli Stati che hanno controllato Da Nang - Statistics

Statistiche generali
  • Questo quiz è stato fatto 4 volte
  • Il punteggio medio è 11 su 20
Statistiche sulle risposte
con Immagini Hint Risposta % Corretto
1858 - 1939 Impero Coloniale Francese (Protettorato dell'Annam / Indocina Francese / Stato del Vietnam)
100%
1945 - 1955 Impero Coloniale Francese (Protettorato dell'Annam / Indocina Francese / Stato del Vietnam)
100%
1939 - 1945 Impero Giapponese
100%
1955 - 1975 Repubblica del Vietnam (Vietnam del Sud)
100%
1976 - Oggi Repubblica Socialista del Vietnam
100%
1407 - 1427 Dinastia Ming
75%
1975 - 1976 Repubblica Democratica del Vietnam(Vietnam del Nord)
75%
1306 - 1371 Regno di Dai Viet
50%
1383 - 1400 Regno di Dai Viet
50%
1427 - 1527 Regno di Dai Viet
50%
1527 - 1533 Dinastia Mac
25%
1778 - 1802 Dinastia Tay Son
25%
1945 Impero del Vietnam
25%
1145 - 1149 Impero Khmer
25%
~200 - 1145 Regno di Champa
25%
1149 - 1306 Regno di Champa
25%
1371 - 1383 Regno di Champa
25%
1400 - 1407 Regno di Dai Ngu
25%
1533 - 1778 Regno di Dai Viet
25%
1802 - 1858 Regno di Viet Nam
25%
Nessun quiz corrispondente trovato
Distribuzione punteggi
Percentuale di utenti per punteggio
Percentile per numero di risposta
I tuoi punteggi nel tempo
Non hai fatto questo quiz